<?xml version="1.0" encoding="UTF-8"?>
<collection xmlns="http://www.loc.gov/MARC21/slim">
 <record>
  <leader>03914ntm a22004937a 4500</leader>
  <controlfield tag="001">000201577</controlfield>
  <controlfield tag="003">CZ-PrVSE</controlfield>
  <controlfield tag="005">20110703181257.0</controlfield>
  <controlfield tag="006">m        d</controlfield>
  <controlfield tag="007">cr n||||||||||</controlfield>
  <controlfield tag="008">110703s2008    xr     fsbm   000 0 cze d</controlfield>
  <datafield tag="STA" ind1=" " ind2=" ">
   <subfield code="a">NEZPRACOVANÝ IMPORT</subfield>
  </datafield>
  <datafield tag="040" ind1=" " ind2=" ">
   <subfield code="a">ABA006</subfield>
   <subfield code="b">cze</subfield>
   <subfield code="c">ABA006</subfield>
   <subfield code="d">ABA006</subfield>
  </datafield>
  <datafield tag="100" ind1="1" ind2=" ">
   <subfield code="a">Hora, Michal,</subfield>
   <subfield code="d">1965-</subfield>
   <subfield code="7">ola2003198134</subfield>
   <subfield code="4">dis</subfield>
  </datafield>
  <datafield tag="242" ind1="1" ind2="0">
   <subfield code="a">History and development accounting records</subfield>
   <subfield code="y">eng</subfield>
  </datafield>
  <datafield tag="245" ind1="1" ind2="0">
   <subfield code="a">Historie a vývoj účetních záznamů</subfield>
   <subfield code="h">[elektronický zdroj] /</subfield>
   <subfield code="c">Michal Hora</subfield>
  </datafield>
  <datafield tag="260" ind1=" " ind2=" ">
   <subfield code="c">2008</subfield>
  </datafield>
  <datafield tag="300" ind1=" " ind2=" ">
   <subfield code="a">?? s. :</subfield>
   <subfield code="3">digital, PDF soubor</subfield>
  </datafield>
  <datafield tag="500" ind1=" " ind2=" ">
   <subfield code="a">Vedoucí práce: Dana Kovanicová</subfield>
  </datafield>
  <datafield tag="502" ind1=" " ind2=" ">
   <subfield code="a">Disertační práce ()—Vysoká škola ekonomická v Praze. Fakulta financí a účetnictví, 2008</subfield>
  </datafield>
  <datafield tag="504" ind1=" " ind2=" ">
   <subfield code="a">Obsahuje bibliografii</subfield>
  </datafield>
  <datafield tag="516" ind1=" " ind2=" ">
   <subfield code="a">Textový (vysokoškolská kvalifikační práce)</subfield>
  </datafield>
  <datafield tag="518" ind1=" " ind2=" ">
   <subfield code="a">Rok obhajoby 2008</subfield>
  </datafield>
  <datafield tag="520" ind1="3" ind2=" ">
   <subfield code="a">Disertační práce je rozdělena na dvě základní části. První část (A) se zabývá historií účetnictví a je dělena na tři kapitoly. Druhá část (B) pojednává o využití počítačů v oblasti účetnictví. Celá práce je doplněna úvodem, závěrem a seznamem literatury. První kapitola části A popisuje prvopočátky účetnictví, nastiňuje faktory, které podmiňují vývoj forem hospodářských záznamů, základní požadavky kladené a jednotlivé účetní formy, způsob pořizování záznamů a jejich vývoj, techniky hospodářských záznamů bez použití písma a s použitím písma až po knihtisk. Druhá kapitola části A se zaobírá vznikem prvních starověkých států a rozvojem účetnictví ve vybraných starověkých státech (Babylonie, Egypt, Kréta, Židovský stát, Arabské země, stát Féničanů, Indie. Samostatnou podkapitolu tvoří popis doby antiky a to ve starém Řecku a Římě. Obsahem třetí kapitoly části A je rozvoj podvojného účetnictví v Evropě. Stěžejní část je věnována účetnictví italskému, jeho hlavním knihám. Jednotlivé podkapitoly jsou zaměřeny na varianty rozvinuté italské formy účetnictví v Německu, Anglii a Francii. Čtvrtá kapitola v části B je věnována obecně problematice počítačů. Je zde popsán vývoj pomůcek od abakusu po mechanické stroje. Další podkapitola popisuje jednotlivé druhy nosičů dat. Pátá kapitola části B popisuje počítače jednotlivých generací z hlediska technických a technologických parametrů Šestá kapitola je obsahově zaměřena na využití výpočetní techniky v oblasti účetnictví. Je rozdělena na dvě základní části a to na mechanizaci a v druhé podkapitole na automatizaci účetnictví. V části mechanizace účetnictví jsou popsány jednotlivé stroje, které byly používány. V podkapitole automatizace účetnictví jsou popsány dva základní přístupy ke zpracování dat (agendový,</subfield>
  </datafield>
  <datafield tag="538" ind1=" " ind2=" ">
   <subfield code="a">Způsob přístupu: Internet</subfield>
  </datafield>
  <datafield tag="690" ind1=" " ind2=" ">
   <subfield code="a">záznam</subfield>
  </datafield>
  <datafield tag="690" ind1=" " ind2=" ">
   <subfield code="a">historie</subfield>
  </datafield>
  <datafield tag="690" ind1=" " ind2=" ">
   <subfield code="a">účetnictví</subfield>
  </datafield>
  <datafield tag="653" ind1="0" ind2=" ">
   <subfield code="a">účetnictví a finanční řízení podniku [obor disert. práce]</subfield>
  </datafield>
  <datafield tag="655" ind1=" " ind2="7">
   <subfield code="a">disertace</subfield>
   <subfield code="7">fd132024</subfield>
   <subfield code="2">czenas</subfield>
  </datafield>
  <datafield tag="655" ind1=" " ind2="9">
   <subfield code="a">dissertations</subfield>
   <subfield code="2">eczenas</subfield>
  </datafield>
  <datafield tag="700" ind1="1" ind2=" ">
   <subfield code="a">Kovanicová, Dana,</subfield>
   <subfield code="d">1936-</subfield>
   <subfield code="7">jo20010084374</subfield>
   <subfield code="4">ths</subfield>
  </datafield>
  <datafield tag="700" ind1="1" ind2=" ">
   <subfield code="a">Zelenka, Vladimír,</subfield>
   <subfield code="d">1961-</subfield>
   <subfield code="7">ola2003198142</subfield>
   <subfield code="4">opn</subfield>
  </datafield>
  <datafield tag="710" ind1="2" ind2=" ">
   <subfield code="a">Vysoká škola ekonomická v Praze.</subfield>
   <subfield code="b">Fakulta financí a účetnictví</subfield>
   <subfield code="7">kn20010709398</subfield>
  </datafield>
  <datafield tag="856" ind1="4" ind2="0">
   <subfield code="u">https://isis.vse.cz/zp/13984/podrobnosti</subfield>
   <subfield code="y">VŠKP v InSIS</subfield>
  </datafield>
  <datafield tag="856" ind1="4" ind2="0">
   <subfield code="u">https://aleph.vse.cz/neverejny_soubor_prace.pdf</subfield>
   <subfield code="y">Hlavní práce</subfield>
  </datafield>
  <datafield tag="856" ind1="4" ind2="0">
   <subfield code="u">https://isis.vse.cz/zp/13984/posudek/oponent/8203</subfield>
   <subfield code="y">Oponentura</subfield>
  </datafield>
  <datafield tag="856" ind1="4" ind2="0">
   <subfield code="u">https://isis.vse.cz/zp/13984/posudek/oponent/8204</subfield>
   <subfield code="y">Oponentura</subfield>
  </datafield>
  <datafield tag="999" ind1="4" ind2="0">
   <subfield code="u">http://isis.vse.cz/zp/86068/podrobnosti</subfield>
   <subfield code="y">dc:identifier</subfield>
  </datafield>
  <datafield tag="993" ind1=" " ind2=" ">
   <subfield code="x">NEPOSILAT</subfield>
   <subfield code="y">VSKP</subfield>
  </datafield>
  <datafield tag="999" ind1="4" ind2="5">
   <subfield code="x">86068</subfield>
  </datafield>
  <datafield tag="999" ind1="4" ind2="9">
   <subfield code="a">vse13984</subfield>
   <subfield code="b">110630</subfield>
  </datafield>
 </record>
</collection>
